Science fair : developing a successful and fun project /

Bibliographic Details
Main Author: Iritz, Maxine Haren
Format: Book
Language:English
Published: Blue Ridge Summit, PA : Tab Books, 1987.
Subjects:

MARC

Tag First Indicator Second Indicator Subfields
LEADER 00000cam a2200000 a 4500
001 in00000010775
005 20151007051438.0
008 870414s1987 paua b 00110 eng
010 |a  87010030  
020 |a 0830609369 :  |c $14.95 
020 |a 083062936X (pbk.) :  |c $9.70 
035 |a (OCoLC)15628525 
035 |9 AAA3002AM 
040 |a DLC  |c DLC  |d OCL  |d TXA  |d UtOrBLW 
049 |a TXAM  |c [A12635402] 
050 0 0 |a Q105.A1  |b I75 1987 
082 0 |a 507/.8  |2 19 
100 1 |a Iritz, Maxine Haren. 
245 1 0 |a Science fair :  |b developing a successful and fun project /  |c Maxine Haren Iritz ; photographs by A. Frank Iritz. 
264 1 |a Blue Ridge Summit, PA :  |b Tab Books,  |c 1987. 
300 |a vi, 89 pages :  |b illustrations ;  |c 29 cm. 
336 |a text  |b txt  |2 rdacontent 
337 |a unmediated  |b n  |2 rdamedia 
338 |a volume  |b nc  |2 rdacarrier 
504 |a Bibliography: page 88. 
500 |a Includes index. 
650 0 |a Science  |v Exhibitions. 
999 |a MARS 
999 f f |s 18a1f9b8-dc24-3293-ae43-582d9dd8b857  |i 588e07ed-b109-3401-a90a-03fee9ea4295  |t 0 
952 f f |p ric  |a Texas A&M University  |b Rellis Campus  |c Joint Library Facility  |d Remote Storage  |t 0  |e Q105.A1 I75 1987  |h Library of Congress classification  |i unmediated -- volume  |m A14812635402 
998 f f |a Q105.A1 I75 1987  |t 0  |l Remote Storage